000 00593cam a2200193 4500
999 _c78801
_d78801
005 20180910134903.0
008 180525 1995 mx spa
020 _a968859220X
050 4 _aF1224
_bM45 1995
100 1 _aMendiola, Alfonso,
_qAlfonso Mendiola Mejía
245 1 0 _aBernal Díaz del Castillo :
_bVerdad romanesca y verdad historiográfica /
_cAlfonso Mendiola.
250 _a2a ed.
260 _aMéxico :
_bUIA, Departamento de Historia,
_c1995
300 _a171 p. ;
_c21 cm.
490 0 _aHistoria y Grafía
504 _aBibliografía
504 _aÍndice
650 7 _2LEMB
_aMéxico
_xHistoria
_xHistoriografía
942 _2lcc
_cLIB